Cirkev, komunizmus a kresťania

Bibliographic Details
Main Author: Garaudy, Roger, 1913-2012 (Author)
Other Authors: Žiška, Ondrej (Translator)
Format: Book
Language:Slovak
French
PhysicalDescription:258, [1] s. V. 8°
Published: Bratislava Tatran 1950
Series:Socialistická knižnica
Subjects:

MARC

LEADER 00000cam a2200000 a 4500
001 vtls008371430
003 SK-MaSNL
005 20260301220910.0
008 230403s1950 xo f 000 0 slo
015 |a SNBA19451955-002952 
035 |a SK01SNKBKSFS20020063647 
035 |a urn:nbn:sk:snk-am3ig76 
035 |a 0C8F4DCA-E3A1-410A-9F78-1961A4CA75EE 
035 |a urn:nbn:sk:snk-am00e92w 
035 |a SKM000066110 
040 |a SNK  |b slo  |c SNK  |e AACR2 
041 1 |a slo  |h fre 
044 |a xo  |c SK 
080 |a 21  |2 1981 
100 1 |a Garaudy, Roger,  |d 1913-2012  |4 aut  |9 158834 
240 1 2 |a L'eglise, le Communisme et les Chrétiens  |l Slovensky 
245 1 0 |a Cirkev, komunizmus a kresťania  |c Roger Garaudy ; [preložil Ondrej Žiška] 
260 |a Bratislava  |b Tatran  |c 1950  |e Bratislava  |f Ľudotypia 
300 |a 258, [1] s.  |c V. 8° 
366 |e 5000 výtl. 
490 1 |a Socialistická knižnica  |v sv. 3 
504 |a Dokumenty, s. 240-258 
650 0 7 |a cirkev  |2 SNKPH  |9 1922 
650 0 7 |a komunizmus  |2 SNKPH  |9 2152 
650 0 7 |a kresťanstvo  |2 SNKPH  |9 2024 
655 7 |a monografie  |2 SNKPH  |9 70139 
700 1 |a Žiška, Ondrej  |4 trl  |9 9199 
830 0 |a Socialistická knižnica  |9 344067 
852 |a Slovenská národná knižnica 
954 |a odborná, vedecká literatúra cudzojazyčná (svetová)  |2 lita 
958 |a OND 
958 |a RK 
958 |a TL 
958 |a EUIPO 
999 |c 933661  |d 935591 
952 |a SNK  |b SNK  |y VYP  |7 0  |p 17A0662814  |o snkSD 6963/3 D1  |i snkVIII. 3028/50  |8 3  |0 0  |1 0  |4 0  |d 2010-07-30  |l 0  |r 2026-02-24 08:56:02  |w 2026-02-24 
952 |a SNK  |b SNK  |y VYP  |7 0  |p 17A0662813  |o snkSD 6963/3 D2  |i snkF 2456/69  |8 4  |0 0  |1 0  |4 0  |d 2010-07-30  |l 0  |r 2026-02-24 08:56:02  |w 2026-02-24 
952 |a SNK  |b SNK  |y PREZ  |7 0  |p 17A0912044  |o snkSD 6963/3  |i snk5220/50  |0 0  |1 0  |4 0  |d 2019-09-12  |f 1  |l 0  |r 2025-11-17 00:00:00  |w 2026-02-24